00568nam a2200169 a 450000500170000000800410001702000220005805000240008024500200010426000560012444000270018050000210020765000150022865000220024399900190026595201140028420140412111422.0080122s19uu xx 00 eng d a978-971-0417-50-6 aTR(GS 421bSo8 2007 aSound Patterns. aPhilippines :bStraight Lines International,c2007. aJunior Academic Series aPreschool. vol.4 aConsonants aLetter and sounds c106074d106074 001040aELbELcTRd2008-01-22eDonationl0oTR(GS 421 So8 2007pE11174r2014-04-12 00:00:00w2014-04-12yBK